000 00823nmm a2200253 a 4500
001 ocm000701164
003 TR-IsHL
005 20201028135106.0
008 131203s1970 tu tur
007 cr cn
035 _a701164
_b(N$T)
050 0 4 _aDT3
_b.A23 1970
090 0 4 _aDT3
_b.A23 1970
245 1 0 _aAfrika devletlerini tanıyalım
_h[electronic resource] /
_cİstanbul Ticaret Odası
260 _aİstanbul :
_bİstanbul Ticaret Odası,
_c1970
300 _a74 p.
650 4 _aEkonomi ve Finans
650 4 _aEconomics and Finance
650 0 _aAfrika devletleri
650 0 _aAfrican states
650 7 _aPOLITICAL SCIENCE / World / African
_2bisacsh
700 1 _aİstanbul Ticaret Odası
856 4 0 _uhttp://search.ebscohost.com/login.aspx?direct=true&scope=site&db=e011xww&AN=701164
999 _c6554
_d6554